| 000 | 00000nam 2200000za 4500 |
| 001 | 9.699624 |
| 003 | CaOODSP |
| 005 | 20230331142303 |
| 007 | cr ||||||||||| |
| 008 | 150407|2012||||xxc|||||o f|0| 0 eng d |
| 040 | |aCaOODSP|beng |
| 043 | |an-cn--- |
| 086 | 1 |aH128-1/06-465-2012E-PDF |
| 110 | 1 |aCanada.|bHealth Canada. |bConsumer Product Safety. |
| 245 | 10|aBatteries - use them safely |h[electronic resource] |
| 260 | |aOttawa - Ontario : |bHealth Canada. |c[2012]. |
| 300 | |a1p.|bphotographs |
| 590 | |a14-14-Supp|b2014-07-24 |
| 690 | 07|aChild safety|2gcpds |
| 775 | 08|tLes piles - pour les utiliser en toute sécurité |w(CaOODSP)9.643601 |
| 795 | |tBatteries - use them safely |w(CaOODSP)9.688827 |
| 856 | 40|ahttp://publications.gc.ca|qPDF|s546 KB|uhttps://publications.gc.ca/collections/collection_2014/sc-hc/H128-1-06-465-2012-eng.pdf |
| 986 | |aHC Pub.: 120076 |